IPA Symbols - Consonants - Statistics

General Stats
  • This quiz has been taken 178 times
  • The average score is 7 of 12
Answer Stats
Hint Answer % Correct
p Voiceless bilabial plosive
96%
t Voiceless alveolar plosive
81%
v Voiced labiodental fricative
80%
θ Voiceless dental fricative
67%
n Voiced alveolar nasal
61%
r Voiced alveolar trill
59%
h Voiceless glottal fricative
56%
β Voiced bilabial fricative
53%
c Voiceless palatal plosive
50%
j Voiced palatal approximant
48%
ɬ Voiceless alveolar lateral fricative
37%
g͡ɣ Voiced velar affricate
31%
No matching quizzes found
Score Distribution
Percent of People with Each Score
Percentile by Number Answered
Your Score History
You have not taken this quiz